Entrepreneur Magazine's Top Franchises for 2017 - Statistics

General Stats
  • This quiz has been taken 61 times
  • The average score is 12 of 100
Answer Stats
Rank Business Type Company % Correct
2 Restaurant McDonald's
100%
1 Convenience Store 7-Eleven Inc.
69%
12 Restaurant Taco Bell
62%
4 Mail and Business Services The UPS Store
62%
35 Restaurant Subway
54%
78 Lodging Hilton Garden Inn
46%
74 Lodging Hilton Hotels and Resourts
46%
32 Fitness Planet Fitness
46%
7 Hardware/Home Improvement Retail Ace Hardware Corp.
38%
5 Restaurant Jimmy John's Gourmet Sandwiches
31%
14 Fitness Anytime Fitness
23%
69 Homecare/Medical Staffing BrightStar Care
23%
29 Restaurant Carl's Jr. Restaurants
23%
31 Staffing/HR Express Employment Professionals
23%
15 Restaurant Firehouse Subs
23%
16 Restaurant Hardee's
23%
21 Restaurant Jersey Mike's Sub
23%
11 Education Kumon Math & Reading Centers
23%
55 Restaurant Papa John's Int'l. Inc.
23%
10 Real Estate RE/MAX LLC
23%
67 Plumbing Rooter-Man
23%
79 Restaurant Auntie Anne's Hand-Rolled Soft Pretzels
15%
68 Window Coverings Budget Blinds LLC
15%
6 Restaurant Dairy Queen
15%
86 Restaurant Dickey's Barbecue Pit
15%
3 Restaurant Dunkin' Donuts
15%
42 Food Gifts Edible Arrangements
15%
65 Nutrition/Supplements GNC Franchising
15%
27 Personal Care Great Clips
15%
28 Lodging Hampton by Hilton
15%
77 Real Estate Keller Williams
15%
18 Restaurant Krispy Kreme Doughnut Corp.
15%
23 Restaurant McAlister's Deli
15%
80 Automobile Services Pop-A-Lock Franchise System
15%
39 Restaurant Sonic Drive-In Restaurants
15%
91 Lawn/Landscape The Grounds Guys LLC
15%
100 Signage and Lighting Yesco
15%
56 Restaurant Baskin-Robbins
8%
98 Restaurant Bojangles' Famous Chicken 'n Biscuits
8%
20 Restaurant Culver Franchising System Inc.
8%
57 Restaurant Denny's Inc.
8%
61 Lodging Doubletree by Hilton
8%
95 Signage and Graphics FastSigns Int'l. Inc.
8%
92 Cleaning Jantize America
8%
81 Fitness Jazzercise Inc.
8%
94 Cleaning MaidPro
8%
38 Restaurant Marco's Pizza
8%
43 Mechanic Tools/Equipment - Mobile Store Matco Tools
8%
50 Restaurant Moe's Southwest Grill
8%
26 Pest Control Mosquito Joe
8%
85 Automobile Maintenance Novus Glass
8%
24 Eyecare and Accessories Pearle Vision
8%
58 Home Inspections Pillar to Post Home Inspectors
8%
62 Education/Childcare Primrose School Franchising Co.
8%
96 Cleaning/Restoration Restoration 1
8%
54 Personal Care Salons by JC
8%
34 Tools/Equipment - Mobile Store Snap-on Tools
8%
13 Personal Care Supercuts
8%
8 Restaurant Wingstop Restaurants Inc.
8%
84 Cleaning Anago Cleaning Systems
0%
72 Food Gifts Beef Jerky Outlet Franchise Inc.
0%
87 Plumbing Benjamin Franklin Plumbing
0%
46 Restaurant Blaze Fast-Fire'd Pizza
0%
73 Cleaning Coverall
0%
64 Electronics Repair/Sales CPR-Cell Phone Repair
0%
75 Travel Cruise Planners
0%
88 Fitness Crunch Franchise
0%
76 Restroom Hygiene Enviro-Master Int'l. Franchise LLC
0%
60 Homecare FirstLight Home Care LLC
0%
41 Restaurant Freddy's Frozen Custard & Steakburgers
0%
45 Fitness/Education Goldfish Swim School Franchising LLC
0%
66 Personal Care Hand and Stone Massage and Facial Spa
0%
59 Homecare Home Care Assistance
0%
52 Home Buying/Repair HomeVestors of America Inc.
0%
97 Lodging Homewood Suites by Hilton
0%
63 Education - Tutoring Huntington Learning Centers
0%
40 Lodging IHG (InterContinental Hotels Group)
0%
37 Cleaning Jan-Pro Franchising Int'l. Inc.
0%
17 Personal Care Massage Envy
0%
44 Education - Tutoring Mathnasium Learning Centers
0%
33 Cleaning Merry Maids
0%
22 Medical Supplies/Tests Miracle-Ear Inc.
0%
70 Homecare Nurse Next Door Home Care Services
0%
30 Home Maintenance - HVAC One Hour Heating & Air Conditioning
0%
19 Fitness Orangetheory Fitness
0%
49 Pet Supplies/Services Pet Supplies Plus
0%
25 Personal Care Phenix Salon Suites Franchising LLC
0%
51 Homecare Right at Home LLC
0%
99 Cleaning/Restoration ServiceMaster Clean/ServiceMaster Restore
0%
48 Cleaning/Restoration Servpro
0%
53 Fitness/Amusement Sky Zone
0%
47 Staffing Spherion Staffing
0%
9 Personal Care Sports Clips
0%
71 Cleaning Stratus Building Solutions
0%
82 Homecare Synergy HomeCare
0%
90 Education The Learning Experience Academy of Early Education
0%
36 Cleaning The Maids
0%
93 Electronic Repairs uBreakiFix
0%
83 Homecare Visiting Angels
0%
89 Personal Care Waxing the City
0%
No matching quizzes found
Score Distribution
Percent of People with Each Score
Percentile by Number Answered
Your Score History
You have not taken this quiz